Sports Quiz

Random Sports or NBA Quiz
Score 0/14 Timer 10:00
0 Plays Today
How Many Times Player % Correct
7Dirk Nowitzki
83.3%
1Manute Bol
66.2%
1Kristaps Porzingis
66.2%
7Brook Lopez
61.8%
2Marc Gasol
50%
1Joel Embiid
45.6%
1Nikola Jokic
39.7%
How Many Times Player % Correct
2Karl-Anthony Towns
36.8%
1Lauri Markkanen
25%
1Nicola Vucevic
22.1%
1Kelly Olynyk
20.6%
1Frank Kaminsky
16.2%
14Channing Frye
11.8%
1Byron Mullens
1.5%
Remove Ads.
Support Sporcle.
Get the best of Sporcle when you Go Orange. This ad-free experience offers more features, more stats, and more fun while also helping to support Sporcle. Thank you for becoming a member.

You're not logged in!

Compare scores with friends on all Sporcle quizzes.
OR
Log In

Show Comments

Extras

Created Dec 17, 2018ReportNominate
Tags:NBA Quiz, foot, height, Player, three

Top Quizzes Today


Score Distribution

Your Account Isn't Verified!

In order to create a playlist on Sporcle, you need to verify the email address you used during registration. Go to your Sporcle Settings to finish the process.

Report this User

Report this user for behavior that violates our Community Guidelines.

Details: